000 00570nam a22001937a 4500
003 AM-YEHGA
040 _aAM-YeHGA
942 _2udc
_cBK
001 1764661
005 20250617160913.0
008 210402b ||||| |||| 00| 0 rus d
041 0 _arus
100 1 _aСкурлаев, Дмитрий Владимирович
245 1 0 _aМост :
_bПовесть /
_cД. Скурлаев
260 _aМахачкала :
_bДагест. кн. изд-во,
_c1861
300 _a64 с.
653 0 _aСоветская литература
090 _c465310
999 _c462136
_d462136